Montovaná železobetónová konštrukcia priemyselnej haly

Guardado en:
Detalles Bibliográficos
Autor principal: Zorvanová, Dominika (Autor)
Otros Autores: Hollý, Ivan (Orientador)
Formato: Manuscrito Libro
Lenguaje:eslovaco
Publicado: 2021
Materias:
Acceso en línea:http://is.stuba.sk/zp/portal_zp.pl?podrobnosti=158587
https://opac.crzp.sk/?fn=detailBiblioForm&sid=0C216CD716E182230B2D0AAAC853
Etiquetas: Agregar Etiqueta
Sin Etiquetas, Sea el primero en etiquetar este registro!

MARC

LEADER 00000ntm a22000003a 4500
001 stuzp85937
003 SK-STU
005 20230516093004.1
007 ta
008 150427s2015----xo-----f-mn---000-0-slo-d
040 |a STU  |b slo 
041 0 |a slo 
100 1 |a Zorvanová, Dominika  |u 010110  |4 aut  |U SvF Stavebná fakulta  |T SvF Katedra betónových konštrukcií a mostov  |X 81000  |U V110  |Y 11  |7 81000 
242 0 1 |a Prefabricated reinforced concrete structure of an industrial hal  |y eng 
245 1 0 |a Montovaná železobetónová konštrukcia priemyselnej haly 
260 |c 2021 
650 4 |a vopred predpätý nosník  |2 slo 
650 4 |a stĺp s krátkymi konzolami  |2 slo 
650 4 |a montovaná priemyselná hala  |2 slo 
650 4 |a prefabricated industrial hall  |2 eng 
650 4 |a prestressed beam  |2 eng 
650 4 |a column with short consoles  |2 eng 
700 1 |a Hollý, Ivan  |u 010110  |k Z1  |4 ths  |U SvF Stavebná fakulta  |T SvF Katedra betónových konštrukcií a mostov  |X 20766  |U V110  |Y 11  |7 A000020766 
856 4 |u http://is.stuba.sk/zp/portal_zp.pl?podrobnosti=158587 
856 4 |u https://opac.crzp.sk/?fn=detailBiblioForm&sid=0C216CD716E182230B2D0AAAC853